<?xml version="1.0" encoding="UTF-8"?>
<record
    xmlns:xsi="http://www.w3.org/2001/XMLSchema-instance"
    xsi:schemaLocation="http://www.loc.gov/MARC21/slim http://www.loc.gov/standards/marcxml/schema/MARC21slim.xsd"
    xmlns="http://www.loc.gov/MARC21/slim">

  <leader>01244nam a22002657i 4500</leader>
  <controlfield tag="003">DO-SdBNP</controlfield>
  <controlfield tag="005">20240417095508.0</controlfield>
  <controlfield tag="007">ta</controlfield>
  <controlfield tag="008">240416b2017    dr ab||| |||| 00| 0 spa d</controlfield>
  <datafield tag="020" ind1=" " ind2=" ">
    <subfield code="a">9789945586114</subfield>
  </datafield>
  <datafield tag="040" ind1=" " ind2=" ">
    <subfield code="a">DO-SdBNP</subfield>
    <subfield code="b">spa</subfield>
    <subfield code="c">BNPHU</subfield>
    <subfield code="e">rda</subfield>
  </datafield>
  <datafield tag="082" ind1=" " ind2="4">
    <subfield code="2">22</subfield>
  </datafield>
  <datafield tag="100" ind1=" " ind2=" ">
    <subfield code="a">Moreau de Saint-M&#xE9;ry, M. L. E.</subfield>
    <subfield code="q">(M&#xE9;d&#xE9;ric Louis Elie),</subfield>
    <subfield code="d">1750-1819</subfield>
    <subfield code="9">59190</subfield>
  </datafield>
  <datafield tag="245" ind1="1" ind2="0">
    <subfield code="a">Descripci&#xF3;n topogr&#xE1;fica, f&#xED;sica, civil, pol&#xED;tica e hist&#xF3;rica de la parte francesa de la isla de Santo Domingo /</subfield>
    <subfield code="c">M&#xE9;d&#xE9;ric Louis &#xC9;lie Moreau de Saint-M&#xE9;ry ; traducci&#xF3;n de Victoria Fl&#xF3;rez-Estrada Ponce de Le&#xF3;n ; revisi&#xF3;n del texto William Capell&#xE1;n Ferreira ; diagramaci&#xF3;n y dise&#xF1;o de cubierta Harold Fr&#xED;as Maggiolo.</subfield>
  </datafield>
  <datafield tag="264" ind1=" " ind2=" ">
    <subfield code="a">Santo Domingo, Rep&#xFA;blica Dominicana : </subfield>
    <subfield code="b">Archivo General de la Naci&#xF3;n, </subfield>
    <subfield code="c">2017</subfield>
  </datafield>
  <datafield tag="300" ind1=" " ind2=" ">
    <subfield code="a">2 vol&#xFA;menes.</subfield>
    <subfield code="c">27 cm. </subfield>
  </datafield>
  <datafield tag="336" ind1=" " ind2=" ">
    <subfield code="2">rdacontent</subfield>
    <subfield code="a">texto</subfield>
    <subfield code="b">txt</subfield>
  </datafield>
  <datafield tag="337" ind1=" " ind2=" ">
    <subfield code="2">rdamedia</subfield>
    <subfield code="a">sin mediaci&#xF3;n </subfield>
    <subfield code="b">n</subfield>
  </datafield>
  <datafield tag="338" ind1=" " ind2=" ">
    <subfield code="2">rdacarrie</subfield>
    <subfield code="a">volumen</subfield>
    <subfield code="b">nc</subfield>
  </datafield>
  <datafield tag="500" ind1=" " ind2=" ">
    <subfield code="a">Incluye datos biogr&#xE1;ficos del autor en las solapas</subfield>
  </datafield>
  <datafield tag="590" ind1=" " ind2=" ">
    <subfield code="a">Inventariado, 2024 /LP</subfield>
  </datafield>
  <datafield tag="700" ind1="1" ind2=" ">
    <subfield code="a">Fl&#xF3;rez-Estrada Ponce de Le&#xF3;n, Victoria, </subfield>
    <subfield code="e">traducci&#xF3;n</subfield>
    <subfield code="9">85258</subfield>
  </datafield>
  <datafield tag="700" ind1="1" ind2=" ">
    <subfield code="a">Capell&#xE1;n Ferreira, William, </subfield>
    <subfield code="e">revisi&#xF3;n del texto</subfield>
    <subfield code="9">81863</subfield>
  </datafield>
  <datafield tag="942" ind1=" " ind2=" ">
    <subfield code="2">ddc</subfield>
    <subfield code="c">LBS1</subfield>
  </datafield>
  <datafield tag="952" ind1=" " ind2=" ">
    <subfield code="0">0</subfield>
    <subfield code="1">0</subfield>
    <subfield code="2">ddc</subfield>
    <subfield code="5">1</subfield>
    <subfield code="7">0</subfield>
    <subfield code="8">PD</subfield>
    <subfield code="a">BNPHU</subfield>
    <subfield code="b">BNPHU</subfield>
    <subfield code="c">HD</subfield>
    <subfield code="d">2024-04-16</subfield>
    <subfield code="e">Donaci&#xF3;n</subfield>
    <subfield code="l">0</subfield>
    <subfield code="p">2024-2301</subfield>
    <subfield code="r">2024-04-16</subfield>
    <subfield code="t">v. 2</subfield>
    <subfield code="w">2024-04-16</subfield>
    <subfield code="y">LBS1</subfield>
  </datafield>
  <datafield tag="999" ind1=" " ind2=" ">
    <subfield code="c">56428</subfield>
    <subfield code="d">56428</subfield>
  </datafield>
</record>
